000 00743nam a2200241Ia 4500
003 IN-BaIIA
008 211028s9999 xx 000 0 eng d
020 _a0-07-100412-2
040 _cIIA Library
080 _a519.6
_bCHA
100 _aChapra, Steven C.
_917548
245 0 _aNumerical methods for engineers
_cSteven C. Chapra and Raymond P. Canale
250 _a2nd ed.
260 _aNew York
_bMcGraw-Hill
_c1988
300 _axvii, 812p.
490 _aApplied Mathematics Series
650 _aApplied Mathematics
_91718
650 _aEngineering Mathematics
_92342
650 _aNASA Thesaurus
650 _aNumerical Methods
_95657
700 _aCanale, Raymond P
_917549
942 _cBK
999 _c10326
_d10326